[Event "Montreal op"]
[Site "Montreal CAN"]
[Date "2016.09.09"]
[Round "1.11"]
[White "Marin, Sam"]
[Black "Hirschberg, Valerian"]
[Result "0-1"]
[WhiteElo "2094"]
[BlackElo "2350"]
[PlyCount "52"]
[EventDate "2016.09.09"]
[EventType "swiss"]
[EventRounds "5"]
[EventCountry "CAN"]

1. e4 c5 2. Nf3 Nc6 3. d4 cxd4 4. Nxd4 Nf6 5. Nc3 e5 6. Nb3 Bb4 7. Bg5 h6 8.
Bxf6 Bxc3+ 9. bxc3 Qxf6 10. Nd2 Qg6 11. Qf3 O-O 12. Nc4 d6 13. Ne3 Be6 14. Bd3
Rac8 15. Nf5 Rfd8 16. h4 Bxf5 17. exf5 Qf6 18. Be4 Ne7 19. g4 d5 20. g5 Qc6 21.
f6 dxe4 22. Qg3 e3 23. O-O Nf5 24. Qh3 e2 25. Rfb1 g6 26. Qg4 h5 0-1

[Event "Montreal op"]
[Site "Montreal CAN"]
[Date "2016.09.09"]
[Round "1.12"]
[White "Masse, Hugues"]
[Black "Leger, Manon"]
[Result "1-0"]
[WhiteElo "2318"]
[BlackElo "2066"]
[PlyCount "57"]
[EventDate "2016.09.09"]
[EventType "swiss"]
[EventRounds "5"]
[EventCountry "CAN"]

1. d4 d6 2. Nf3 g6 3. c4 Bg7 4. g3 c6 5. Bg2 Nf6 6. Nc3 O-O 7. O-O Nbd7 8. e4
e5 9. h3 Qb6 10. Re1 Qb4 11. Bf1 Rd8 12. dxe5 dxe5 13. Nxe5 Qb6 14. Nxd7 Bxd7
15. Qc2 Be6 16. Be3 Qc7 17. f4 Nh5 18. Qf2 b6 19. g4 Bxc3 20. bxc3 Ng7 21. Bd4
c5 22. Be5 Qb7 23. f5 Bd7 24. Qh4 Ne8 25. Rad1 Qc6 26. Rd6 Qxd6 27. Bxd6 Nxd6
28. Rd1 Ne8 29. Qe7 1-0

[Event "Montreal op"]
[Site "Montreal CAN"]
[Date "2016.09.09"]
[Round "1.15"]
[White "Rondon, Luciano"]
[Black "Khoudgarian, Natalia"]
[Result "0-1"]
[WhiteElo "2045"]
[BlackElo "2298"]
[PlyCount "56"]
[EventDate "2016.09.09"]
[EventType "swiss"]
[EventRounds "5"]
[EventCountry "CAN"]

1. d4 e6 2. c4 f5 3. g3 Nf6 4. Bg2 c6 5. Qc2 d5 6. Nh3 Bb4+ 7. Bd2 Na6 8. a3
Bxd2+ 9. Nxd2 Ne4 10. Rd1 O-O 11. Nf4 Qf6 12. h4 Bd7 13. Nf3 Rac8 14. Ne5 Rfd8
15. c5 Nexc5 16. f3 Be8 17. b4 Nd7 18. Nfd3 Nxe5 19. dxe5 Qe7 20. Nc5 Nb8 21.
Qd2 b6 22. Nd3 c5 23. bxc5 bxc5 24. Rc1 c4 25. Nf4 Nc6 26. Qc3 Rb8 27. O-O Rb3
28. Qd2 Nxe5 0-1

[Event "Montreal op"]
[Site "Montreal CAN"]
[Date "2016.09.09"]
[Round "1.17"]
[White "Laurain, Guy"]
[Black "Nicula, Marius"]
[Result "1/2-1/2"]
[WhiteElo "2028"]
[BlackElo "2223"]
[PlyCount "55"]
[EventDate "2016.09.09"]
[EventType "swiss"]
[EventRounds "5"]
[EventCountry "CAN"]

1. e4 e6 2. d4 d5 3. Nc3 Nf6 4. e5 Nfd7 5. f4 c5 6. Nf3 b6 7. Be3 Nc6 8. Be2
Be7 9. O-O O-O 10. Kh1 Bb7 11. Nb1 f6 12. c3 a6 13. Nbd2 cxd4 14. cxd4 Rc8 15.
Rc1 b5 16. Nb3 Qb6 17. Qd2 Bb4 18. Qd3 Na5 19. Nc5 Bxc5 20. dxc5 Qd8 21. Nd4
Qe7 22. exf6 Nxf6 23. b4 Nc4 24. Rfe1 e5 25. Nf5 Qd7 26. fxe5 Nxe5 27. Qd4 Rcd8
28. Nd6 1/2-1/2

[Event "Montreal op"]
[Site "Montreal CAN"]
[Date "2016.09.09"]
[Round "1.18"]
[White "Tremblay, Rejean"]
[Black "Cvetkovic, Simeon"]
[Result "1-0"]
[WhiteElo "2223"]
[BlackElo "2021"]
[PlyCount "109"]
[EventDate "2016.09.09"]
[EventType "swiss"]
[EventRounds "5"]
[EventCountry "CAN"]

1. d4 d6 2. e4 g6 3. Nf3 Bg7 4. Nc3 c6 5. Bc4 Nf6 6. e5 dxe5 7. Nxe5 O-O 8. O-O
Nbd7 9. Bg5 Nb6 10. Bb3 Nbd5 11. Re1 Be6 12. Qd2 Qd6 13. Nxd5 cxd5 14. Bh6 Rac8
15. Bxg7 Kxg7 16. f3 Bf5 17. Re2 Rc7 18. Rae1 Rfc8 19. c3 a5 20. Ba4 Qa6 21. g4
Be6 22. Qd3 Qd6 23. h3 Rb8 24. Bc2 b5 25. Kg2 Bc8 26. Rd2 b4 27. cxb4 Rxb4 28.
Bd1 Ba6 29. Qe3 Qb6 30. b3 Qd6 31. Be2 Bxe2 32. Rexe2 Rbb7 33. Nd3 Rc3 34. Rc2
Rbc7 35. Rxc3 Rxc3 36. Qd2 Rc7 37. Qxa5 h5 38. Qb4 Qd7 39. Ne5 Qc8 40. Qd2 Qa6
41. Qd3 Qc8 42. Qd2 Qa6 43. Rf2 Qb6 44. Qf4 e6 45. Qd2 Kh7 46. b4 Kg7 47. a4
Ra7 48. a5 Qb5 49. Qc3 hxg4 50. hxg4 Ra8 51. Qc5 Qb8 52. Rc2 Qh8 53. Qe7 Rf8
54. a6 Qh4 55. Qxf8+ 1-0

[Event "Montreal op"]
[Site "Montreal CAN"]
[Date "2016.09.09"]
[Round "1.19"]
[White "Abbas, Talal"]
[Black "Lopez Linares, Lizandro"]
[Result "0-1"]
[WhiteElo "2002"]
[BlackElo "2222"]
[PlyCount "70"]
[EventDate "2016.09.09"]
[EventType "swiss"]
[EventRounds "5"]
[EventCountry "CAN"]

1. d4 d5 2. Nf3 Nf6 3. Bg5 Ne4 4. Bh4 c5 5. e3 Nc6 6. c3 Qb6 7. Qc1 Bf5 8. Be2
cxd4 9. exd4 Rc8 10. O-O e6 11. Nbd2 Bd6 12. Re1 O-O 13. Bf1 Bf4 14. Bg3 Bxd2
15. Nxd2 Nxd4 16. Nxe4 Bxe4 17. Qd2 Nf5 18. Bf4 Ne7 19. Be3 Qc7 20. Rad1 Bg6
21. Bf4 Qa5 22. Bd6 Rfe8 23. Be2 Nc6 24. h4 h6 25. g4 Rcd8 26. Ba3 d4 27. Bb4
Nxb4 28. cxb4 Qxa2 29. Ra1 Qd5 30. Ra5 Qb3 31. h5 Bh7 32. Rc5 Qh3 33. g5 Be4
34. f3 Qg3+ 35. Kf1 Bf5 0-1

[Event "Montreal op"]
[Site "Montreal CAN"]
[Date "2016.09.09"]
[Round "1.20"]
[White "Chabot, Roland"]
[Black "Weston, Paul"]
[Result "1-0"]
[WhiteElo "2216"]
[BlackElo "1994"]
[PlyCount "67"]
[EventDate "2016.09.09"]
[EventType "swiss"]
[EventRounds "5"]
[EventCountry "CAN"]

1. d4 g6 2. g3 Bg7 3. Bg2 c5 4. Nf3 Nf6 5. O-O cxd4 6. Nxd4 O-O 7. Nc3 Nc6 8.
Nb3 d6 9. h3 h6 10. e4 Be6 11. f4 Rc8 12. Be3 Qd7 13. Kh2 Rfd8 14. Qd2 Kh7 15.
Nd5 b6 16. Rf2 Bxd5 17. exd5 Nb8 18. Re1 e6 19. dxe6 fxe6 20. Rfe2 Re8 21. Bf2
Re7 22. c3 Rce8 23. Rd1 d5 24. Rde1 h5 25. Qc2 Qc7 26. Nd4 Qd7 27. Re5 Nc6 28.
Rg5 e5 29. Qxg6+ Kh8 30. Nxc6 Qxc6 31. fxe5 Ng4+ 32. hxg4 Qxg6 33. Rxg6 Bxe5
34. Rh1 1-0

[Event "Montreal op"]
[Site "Montreal CAN"]
[Date "2016.09.09"]
[Round "1.21"]
[White "Bouchard, Jean-Marc"]
[Black "Robichaud, Louis"]
[Result "1/2-1/2"]
[WhiteElo "1992"]
[BlackElo "2185"]
[PlyCount "113"]
[EventDate "2016.09.09"]
[EventType "swiss"]
[EventRounds "5"]
[EventCountry "CAN"]

1. e4 e5 2. Nf3 Nc6 3. Bb5 a6 4. Ba4 Nf6 5. Qe2 Bc5 6. h3 O-O 7. c3 b5 8. Bc2
d5 9. d3 Re8 10. Nbd2 a5 11. Nf1 a4 12. Ng3 d4 13. O-O a3 14. c4 bxc4 15. dxc4
axb2 16. Bxb2 Ba3 17. Bd3 Nd7 18. Rfd1 Nc5 19. Ne1 Be6 20. Rdc1 Qd6 21. Rab1 g6
22. Nc2 Bxb2 23. Rxb2 Ra4 24. Ne1 Rea8 25. Bb1 Na5 26. Bd3 Nxd3 27. Nxd3 c5 28.
f4 f6 29. f5 Bf7 30. fxg6 hxg6 31. Qg4 Nxc4 32. Nf5 Qf8 33. Rb7 Ne3 34. Nxe3
dxe3 35. Nxc5 Qc8 36. Qe2 R4a5 37. Rb5 Rxb5 38. Qxb5 Rxa2 39. Nd3 Rc2 40. Rxc2
Qxc2 41. Kh2 e2 42. Ne1 Qxe4 43. Qa5 Qf4+ 44. Kg1 e4 45. Qb4 Kg7 46. Qc3 e3 47.
Qa5 Qd4 48. Qc7 Qh4 49. Qc3 Qf2+ 50. Kh2 Qf4+ 51. Kg1 Bd5 52. Qa5 Be4 53. Qc3
Kh6 54. Qa5 f5 55. Qc3 Kg5 56. Qb4 Qc7 57. Qd4 1/2-1/2

[Event "Montreal op"]
[Site "Montreal CAN"]
[Date "2016.09.09"]
[Round "1.22"]
[White "Luksza, Arkadiusz"]
[Black "Fan, Run Kun"]
[Result "1/2-1/2"]
[WhiteElo "2162"]
[BlackElo "1961"]
[PlyCount "72"]
[EventDate "2016.09.09"]
[EventType "swiss"]
[EventRounds "5"]
[EventCountry "CAN"]

1. Nf3 d5 2. g3 Nf6 3. Bg2 g6 4. d3 Bg7 5. O-O O-O 6. Nbd2 b6 7. c4 Bb7 8. Qc2
a5 9. a3 a4 10. cxd5 Nxd5 11. Rd1 e5 12. Nc4 Nc6 13. e4 Nde7 14. Be3 Nd4 15.
Nxd4 exd4 16. Bf4 c5 17. b4 cxb4 18. axb4 b5 19. Na5 Rc8 20. Qe2 Ba8 21. Rdc1
Qd7 22. h4 Rc3 23. Bd2 Rxc1+ 24. Rxc1 Rc8 25. Qd1 Rc7 26. Kf1 Qc8 27. Rxc7 Qxc7
28. Qb1 h5 29. Qa2 Bf6 30. Bh3 Bg7 31. Ke2 Nc8 32. Kd1 Bf8 33. Ke2 Nd6 34. Kd1
Bg7 35. Ke2 Bf8 36. Kd1 Bg7 1/2-1/2

[Event "Montreal op"]
[Site "Montreal CAN"]
[Date "2016.09.09"]
[Round "1.23"]
[White "Gauthier, Denis"]
[Black "Calvelo, Jelvis"]
[Result "0-1"]
[WhiteElo "1957"]
[BlackElo "2156"]
[PlyCount "77"]
[EventDate "2016.09.09"]
[EventType "swiss"]
[EventRounds "5"]
[EventCountry "CAN"]

1. d4 Nf6 2. c4 c5 3. d5 e6 4. Nf3 exd5 5. cxd5 d6 6. Nc3 g6 7. Bf4 a6 8. a4
Bg7 9. e3 Nh5 10. Bg5 Qa5 11. Qd2 h6 12. Bh4 g5 13. Bg3 Nxg3 14. hxg3 Nd7 15.
Bd3 Ne5 16. Nxe5 Bxe5 17. O-O g4 18. Qc2 h5 19. Bf5 Qd8 20. Bxc8 Rxc8 21. Qf5
Qd7 22. Qg5 Qe7 23. Qf5 Kd8 24. Rac1 Qd7 25. Qg5+ Kc7 26. e4 Rcg8 27. Qe3 h4
28. Ne2 Kb8 29. b4 cxb4 30. Qb6 hxg3 31. Nxg3 Bc3 32. Nf5 Rg6 33. g3 Rh5 34.
Kg2 Rxf5 35. exf5 Qxf5 36. a5 Qxd5+ 37. Kg1 Qc5 38. Qd8+ Qc8 39. Qe7 0-1

[Event "Montreal op"]
[Site "Montreal CAN"]
[Date "2016.09.09"]
[Round "1.25"]
[White "Perna-Fraser, David"]
[Black "Prahov, Valentin"]
[Result "1/2-1/2"]
[WhiteElo "1907"]
[BlackElo "2149"]
[PlyCount "56"]
[EventDate "2016.09.09"]
[EventType "swiss"]
[EventRounds "5"]
[EventCountry "CAN"]

1. e4 c5 2. Nf3 e6 3. d4 cxd4 4. Nxd4 Nf6 5. Nc3 Nc6 6. f3 d5 7. Bb5 Bd7 8.
exd5 exd5 9. Qe2+ Be7 10. Be3 O-O 11. O-O-O Re8 12. Qf2 Rc8 13. Nb3 Nb4 14.
Bxd7 Qxd7 15. Bxa7 Ra8 16. Rhe1 b5 17. Bc5 Nxa2+ 18. Nxa2 Rxa2 19. Rxe7 Rxe7
20. Bxe7 Qxe7 21. Re1 Qc7 22. Qe2 h6 23. Kb1 Ra8 24. Qe5 Qc4 25. Qd4 Qc7 26.
Qe5 Qc4 27. Qd4 Qc7 28. Qe5 Qc4 1/2-1/2

[Event "Montreal op"]
[Site "Montreal CAN"]
[Date "2016.09.10"]
[Round "2.2"]
[White "Calvelo, Jelvis"]
[Black "Neef, Maximilian"]
[Result "0-1"]
[WhiteElo "2156"]
[BlackElo "2442"]
[PlyCount "88"]
[EventDate "2016.09.09"]
[EventType "swiss"]
[EventRounds "5"]
[EventCountry "CAN"]

1. c4 g6 2. Nc3 Bg7 3. g3 c5 4. Nf3 Nc6 5. Bg2 e6 6. e3 Nge7 7. O-O d6 8. d4
O-O 9. dxc5 dxc5 10. Qe2 a6 11. Rd1 Qc7 12. Ne4 b6 13. Rb1 h6 14. a3 f5 15.
Ned2 a5 16. Ne1 a4 17. Ndf3 e5 18. Nc2 e4 19. Nfe1 Be6 20. Bd2 Ne5 21. Bc3 N7c6
22. Rd5 Bxd5 23. cxd5 Ne7 24. Rd1 Nc8 25. f4 exf3 26. Nxf3 Nxf3+ 27. Bxf3 Nd6
28. g4 Qe7 29. gxf5 Qg5+ 30. Kh1 Qxf5 31. Bg2 Bxc3 32. bxc3 Ne4 33. Bxe4 Qxe4+
34. Qg2 Rae8 35. Kg1 Rf6 36. h3 Kf8 37. Rd2 Re5 38. Qxe4 Rxe4 39. Kg2 Ke7 40.
Ne1 Rxe3 41. Nd3 c4 42. Nb4 Rxc3 43. Re2+ Kd7 44. Re4 b5 0-1

[Event "Montreal op"]
[Site "Montreal CAN"]
[Date "2016.09.10"]
[Round "2.4"]
[White "Sriram, Jha"]
[Black "Chabot, Roland"]
[Result "1-0"]
[WhiteElo "2419"]
[BlackElo "2216"]
[PlyCount "84"]
[EventDate "2016.09.09"]
[EventType "swiss"]
[EventRounds "5"]
[EventCountry "CAN"]

1. d4 e6 2. c4 Bb4+ 3. Bd2 Bxd2+ 4. Qxd2 Nf6 5. Nc3 d5 6. Nf3 O-O 7. e3 Qe7 8.
Rc1 Rd8 9. Qc2 dxc4 10. Bxc4 c5 11. O-O Nc6 12. dxc5 Qxc5 13. Ne4 Qe7 14. Rfd1
Nxe4 15. Qxe4 Bd7 16. h4 Be8 17. Bd3 g6 18. Qf4 Rd6 19. Be2 Rad8 20. Rxd6 Qxd6
21. Qg5 Qe7 22. Qxe7 Nxe7 23. Rc7 Rd7 24. Rxd7 Bxd7 25. Ne5 Be8 26. Bf3 b6 27.
g4 f6 28. Nc4 Bc6 29. Kg2 Bd5 30. Bxd5 Nxd5 31. Kf3 Kf8 32. a3 Ke7 33. e4 Nc7
34. e5 Ne8 35. Kf4 h6 36. exf6+ Nxf6 37. g5 Nd5+ 38. Ke4 hxg5 39. hxg5 Kf8 40.
Ne5 Kg7 41. Nc6 a5 42. Nd8 Nc7 1-0

[Event "Montreal op"]
[Site "Montreal CAN"]
[Date "2016.09.10"]
[Round "2.6"]
[White "Turcotte, Jonathan"]
[Black "Vijayalakshmi, Subbaraman"]
[Result "0-1"]
[WhiteElo "2102"]
[BlackElo "2384"]
[PlyCount "78"]
[EventDate "2016.09.09"]
[EventType "swiss"]
[EventRounds "5"]
[EventCountry "CAN"]

1. d4 Nf6 2. c4 g6 3. Nc3 Bg7 4. e4 d6 5. Be2 O-O 6. Nf3 Nc6 7. O-O e5 8. d5
Ne7 9. b4 a5 10. Ba3 Nd7 11. bxa5 Nc5 12. Bxc5 dxc5 13. Nd2 f5 14. Nb3 fxe4 15.
Nxe4 Nf5 16. Nexc5 e4 17. Rb1 Qe7 18. Qc2 e3 19. f4 Kh8 20. Qe4 Qf7 21. Ne6 Re8
22. g4 Nd6 23. Qxe3 Bxe6 24. dxe6 Rxe6 25. Qf3 Rae8 26. Bd3 Re3 27. Qd1 Nxc4
28. Bxc4 Qxc4 29. Rc1 Qe4 30. Qc2 Qe7 31. Qf2 Qd7 32. f5 Rxb3 33. f6 Qxg4+ 34.
Kh1 Qe4+ 35. Kg1 Bh6 36. f7 Rf8 37. axb3 Be3 38. Rxc7 Bxf2+ 39. Rxf2 Qb1+ 0-1

[Event "Montreal op"]
[Site "Montreal CAN"]
[Date "2016.09.10"]
[Round "2.7"]
[White "Milicevic, Goran"]
[Black "Durette, Francis"]
[Result "1/2-1/2"]
[WhiteElo "2380"]
[BlackElo "2133"]
[PlyCount "84"]
[EventDate "2016.09.09"]
[EventType "swiss"]
[EventRounds "5"]
[EventCountry "CAN"]

1. d4 Nf6 2. Nf3 g6 3. Nc3 Bg7 4. e4 d6 5. h3 O-O 6. Bc4 Nxe4 7. Nxe4 d5 8. Bd3
dxe4 9. Bxe4 c5 10. dxc5 Qxd1+ 11. Kxd1 Na6 12. c6 bxc6 13. Bxc6 Rb8 14. c3 Bf5
15. Ke2 Rfc8 16. Bd5 e6 17. g4 Bxg4 18. hxg4 exd5 19. Rd1 Nc7 20. Nd4 Ne6 21.
Nb3 Rc4 22. f3 d4 23. cxd4 Nxd4+ 24. Nxd4 Bxd4 25. Rb1 Ra4 26. a3 Bg7 27. b4 h6
28. Rb3 Ra6 29. Rd7 Rc8 30. Be3 Rc2+ 31. Kd3 Rb2 32. Rxb2 Rxa3+ 33. Kc2 Bxb2
34. Bxa7 Be5 35. b5 Rxf3 36. Rd5 Bc7 37. b6 Bxb6 38. Bxb6 Rf4 39. Bd4 f6 40.
Rd7 Rxg4 41. Bxf6 h5 42. Kd2 Rf4 1/2-1/2

[Event "Montreal op"]
[Site "Montreal CAN"]
[Date "2016.09.10"]
[Round "2.8"]
[White "Hirschberg, Valerian"]
[Black "Mendoza, Armand Jess"]
[Result "1/2-1/2"]
[WhiteElo "2350"]
[BlackElo "1863"]
[PlyCount "191"]
[EventDate "2016.09.09"]
[EventType "swiss"]
[EventRounds "5"]
[EventCountry "CAN"]

1. Nf3 e6 2. c4 f5 3. g3 Nf6 4. Bg2 c6 5. d4 d5 6. O-O Bd6 7. b3 Qe7 8. Bb2 O-O
9. Nbd2 Bd7 10. Ne5 Be8 11. Ndf3 Ne4 12. Nd3 f4 13. Nfe5 fxg3 14. fxg3 Rxf1+
15. Qxf1 Nd7 16. Nxd7 Qxd7 17. Rd1 Bg6 18. Bf3 Rf8 19. Qg2 Qe7 20. Nf2 Nxf2 21.
Qxf2 Qg5 22. Bc1 Qe7 23. Qe3 h6 24. Bb2 Bf5 25. Qd2 Bh3 26. Qe3 Qf6 27. Bc3 Qg6
28. Qd3 Bf5 29. Qe3 Bxg3 30. Bg2 Bc2 31. Rf1 Rxf1+ 32. Kxf1 Qf5+ 33. Kg1 Bf4
34. Qh3 Qxh3 35. Bxh3 Kf7 36. cxd5 exd5 37. Bc8 Be3+ 38. Kf1 b6 39. Bb7 Be4 40.
Bc8 Kf6 41. b4 g5 42. a4 Bf5 43. Bb7 Bh3+ 44. Ke1 Bg2 45. Bxc6 h5 46. a5 bxa5
47. bxa5 g4 48. Bd7 Bg1 49. Be8 h4 50. Bd7 Bxh2 51. Bxg4 Bg3+ 52. Kd2 h3 53.
Bxh3 Bxh3 54. Bb4 Kf5 55. Bc5 a6 56. Ke3 Bf4+ 57. Kd3 Bg2 58. e3 Be4+ 59. Kd2
Bg3 60. Bb6 Bb1 61. Bd8 Ke4 62. Ke2 Bd3+ 63. Kd1 Bc4 64. Be7 Bc7 65. Bh4 Bxa5
66. Be1 Bd8 67. Bc3 Bg5 68. Bb4 Bxe3 69. Bc3 Bxd4 70. Bd2 Bb3+ 71. Ke2 Be3 72.
Bc3 Bc4+ 73. Kd1 Kd3 74. Bb4 Bb3+ 75. Ke1 Kc4 76. Be7 Bd4 77. Bd6 Kb5 78. Kd2
Bb6 79. Kd3 Ba5 80. Be5 Bb4 81. Bf6 a5 82. Be5 a4 83. Bf6 a3 84. Ba1 Bc4+ 85.
Kc2 Ka4 86. Bd4 a2 87. Kb2 Kb5 88. Kc2 Bc5 89. Bb2 d4 90. Kd1 Bb3+ 91. Kd2 Kc4
92. Ba1 Bb4+ 93. Kc1 Bc3 94. Bxc3 d3 95. Kd2 Bd1 96. Ba1 1/2-1/2

[Event "Montreal op"]
[Site "Montreal CAN"]
[Date "2016.09.10"]
[Round "2.9"]
[White "Allard, Laurent"]
[Black "Masse, Hugues"]
[Result "0-1"]
[WhiteElo "2049"]
[BlackElo "2318"]
[PlyCount "84"]
[EventDate "2016.09.09"]
[EventType "swiss"]
[EventRounds "5"]
[EventCountry "CAN"]

1. e4 e6 2. d4 d5 3. Nd2 Be7 4. Bd3 c5 5. dxc5 Nf6 6. Qe2 O-O 7. Ngf3 a5 8. O-O
Na6 9. e5 Nd7 10. c4 Naxc5 11. Bc2 f6 12. cxd5 exd5 13. Nb3 b6 14. Nxc5 Nxc5
15. h3 Ba6 16. Qd1 Bxf1 17. Kxf1 fxe5 18. Nxe5 Qd6 19. Nf3 Rad8 20. Be3 Bf6 21.
Bd4 Bxd4 22. Qxd4 Rf4 23. Qd1 d4 24. Bd3 Kh8 25. Qe2 Rdf8 26. Kg1 R4f6 27. Rd1
Qd5 28. a3 Re6 29. Qc2 Rd6 30. b4 axb4 31. axb4 Nxd3 32. Qxd3 Re8 33. Rc1 h6
34. Nd2 Rd7 35. Rc4 Qe5 36. Nf3 Qe4 37. Qd1 Qe2 38. Qxe2 Rxe2 39. Nxd4 Re1+ 40.
Kh2 Re4 41. Rc8+ Kh7 42. Nc6 Rc4 0-1

[Event "Montreal op"]
[Site "Montreal CAN"]
[Date "2016.09.10"]
[Round "2.10"]
[White "Perez Rodriguez, Luis Manuel"]
[Black "Agcaoili, Marlou"]
[Result "1-0"]
[WhiteElo "2447"]
[BlackElo "2100"]
[PlyCount "65"]
[EventDate "2016.09.09"]
[EventType "swiss"]
[EventRounds "5"]
[EventCountry "CAN"]

1. e4 d6 2. d4 Nf6 3. Bd3 e5 4. c3 exd4 5. cxd4 Nc6 6. Nf3 Bg4 7. d5 Ne5 8. Be2
Bxf3 9. Bxf3 c6 10. dxc6 bxc6 11. O-O Be7 12. Nc3 Rb8 13. Be2 Qb6 14. b3 O-O
15. Bf4 Ng6 16. Bg3 Qb4 17. Qc2 a5 18. Rad1 Rfd8 19. f4 Rbc8 20. Kh1 Bf8 21. e5
Nd5 22. Nxd5 cxd5 23. Qd3 dxe5 24. fxe5 Rc3 25. Qf5 Qe7 26. Bd3 Qd7 27. Qh5 Qb7
28. Bf5 Qe7 29. Rd4 Rc6 30. Bh4 Qa7 31. Rb4 Re8 32. Rbf4 Rxe5 33. R4f3 1-0

[Event "Montreal op"]
[Site "Montreal CAN"]
[Date "2016.09.10"]
[Round "2.12"]
[White "Prahov, Valentin"]
[Black "Zhu, Hong Rui"]
[Result "0-1"]
[WhiteElo "2149"]
[BlackElo "2305"]
[PlyCount "96"]
[EventDate "2016.09.09"]
[EventType "swiss"]
[EventRounds "5"]
[EventCountry "CAN"]

1. e4 c5 2. d4 cxd4 3. c3 Nf6 4. e5 Nd5 5. cxd4 e6 6. Nc3 Nxc3 7. bxc3 Qc7 8.
Bd2 d6 9. f4 Be7 10. Nf3 Nd7 11. Bd3 b6 12. O-O O-O 13. exd6 Bxd6 14. Ne5 Nf6
15. Qe2 g6 16. Rae1 Re8 17. Rf3 Bb7 18. Rh3 Nd5 19. Be4 Bf8 20. Qf2 Nf6 21.
Bxb7 Qxb7 22. Qe2 Red8 23. g4 Rac8 24. g5 Nh5 25. Rxh5 gxh5 26. Qxh5 Bg7 27.
Re3 Rc7 28. Ng4 Rc5 29. Nf2 Rb5 30. Kf1 Rb2 31. Be1 Qd5 32. a4 Ra2 33. Ne4 Qf5
34. Qh4 Rxa4 35. g6 Rd7 36. gxf7+ Rxf7 37. Bg3 Bf6 38. Qh6 Bg7 39. Qh4 Bf6 40.
Qh6 Be7 41. Kg2 e5 42. Qc6 Ra2+ 43. Nf2 exf4 44. Rf3 Qg6 45. Qxg6+ hxg6 46.
Bxf4 Bh4 47. Bg3 Bxg3 48. hxg3 Rc2 0-1

[Event "Montreal op"]
[Site "Montreal CAN"]
[Date "2016.09.10"]
[Round "2.14"]
[White "Nicula, Marius"]
[Black "Jacquet, Stephane"]
[Result "1/2-1/2"]
[WhiteElo "2223"]
[BlackElo "2050"]
[PlyCount "182"]
[EventDate "2016.09.09"]
[EventType "swiss"]
[EventRounds "5"]
[EventCountry "CAN"]

1. e4 d6 2. d4 Nf6 3. Nc3 g6 4. g3 Bg7 5. Bg2 O-O 6. Nge2 c6 7. a4 a5 8. h3 e5
9. O-O Be6 10. Kh2 Bc4 11. Be3 Qe7 12. Re1 Na6 13. b3 Bxe2 14. Nxe2 Nxe4 15. d5
cxd5 16. Qxd5 Nec5 17. Rad1 Rad8 18. Rd2 Kh8 19. Nc3 Nc7 20. Qc4 b6 21. Nd5
Nxd5 22. Rxd5 f5 23. b4 axb4 24. Qxb4 Qc7 25. Rb1 Rb8 26. Rbd1 f4 27. gxf4 Ra8
28. Rxd6 Rxa4 29. Qxb6 Qxb6 30. Rxb6 Ne4 31. Bxe4 Rxe4 32. fxe5 Bxe5+ 33. Kg2
Rc4 34. Rd2 Rfc8 35. Bh6 Bg7 36. Bxg7+ Kxg7 37. Rd7+ Kh6 38. Rbb7 Kg5 39. Rxh7
Rxc2 40. Rbf7 R8c3 41. Rf3 Rxf3 42. Kxf3 Rc3+ 43. Kg2 Kf6 44. Ra7 g5 45. Ra5
Kg6 46. Re5 Kf6 47. Re3 Rc2 48. Kg3 Rc4 49. Ra3 Kf5 50. Ra5+ Kg6 51. Re5 Rc3+
52. Re3 Rc4 53. Rf3 Rb4 54. Rf8 Rb3+ 55. Kg2 Ra3 56. Rf3 Ra4 57. Re3 Kf5 58.
Kg3 Rb4 59. Rc3 Ra4 60. Rc5+ Kg6 61. Rb5 Ra3+ 62. f3 Ra4 63. Re5 Rb4 64. Re4
Rb1 65. Rg4 Ra1 66. Kh2 Ra2+ 67. Rg2 Ra4 68. Kg3 Kf5 69. Rb2 Rc4 70. Rb8 Ra4
71. Rb5+ Kg6 72. Re5 Rb4 73. Re4 Rb1 74. h4 gxh4+ 75. Rxh4 Rb3 76. Ra4 Kg5 77.
Ra5+ Kf6 78. Kg4 Rb4+ 79. f4 Kg6 80. Ra6+ Kf7 81. Kg5 Rb1 82. Ra7+ Kf8 83. f5
Rb6 84. Rc7 Ra6 85. Rh7 Kg8 86. Rh2 Kg7 87. Re2 Kf7 88. Re1 Rb6 89. Ra1 Rc6 90.
Ra7+ Kf8 91. f6 Rc1 1/2-1/2

[Event "Montreal op"]
[Site "Montreal CAN"]
[Date "2016.09.10"]
[Round "2.15"]
[White "Robichaud, Louis"]
[Black "Laurain, Guy"]
[Result "1/2-1/2"]
[WhiteElo "2185"]
[BlackElo "2028"]
[PlyCount "56"]
[EventDate "2016.09.09"]
[EventType "swiss"]
[EventRounds "5"]
[EventCountry "CAN"]

1. e4 c5 2. Nc3 Nc6 3. g3 g6 4. Bg2 Bg7 5. d3 d6 6. f4 e6 7. Nf3 Nge7 8. O-O
O-O 9. Be3 Nd4 10. e5 Nef5 11. Bf2 d5 12. Na4 b6 13. b4 Nxf3+ 14. Bxf3 cxb4 15.
Qd2 f6 16. d4 Bd7 17. Qxb4 Rc8 18. Nb2 Qe7 19. Qb3 fxe5 20. dxe5 d4 21. Nd3 Rc3
22. Qb1 Rfc8 23. g4 Ne3 24. Bxe3 dxe3 25. Qe1 Ba4 26. Bd1 Bf8 27. Qxe3 Qa3 28.
Qe1 Bxc2 1/2-1/2

[Event "Montreal op"]
[Site "Montreal CAN"]
[Date "2016.09.10"]
[Round "2.16"]
[White "Fillion, Steve"]
[Black "Bouchard, Jean-Marc"]
[Result "1/2-1/2"]
[WhiteElo "2170"]
[BlackElo "1992"]
[PlyCount "59"]
[EventDate "2016.09.09"]
[EventType "swiss"]
[EventRounds "5"]
[EventCountry "CAN"]

1. e4 e6 2. Qe2 b6 3. g3 Bb7 4. Bg2 d5 5. d3 Nf6 6. e5 Nfd7 7. Nf3 c5 8. O-O
Nc6 9. c4 d4 10. Re1 Be7 11. h4 h6 12. h5 Qc7 13. Bf4 Nf8 14. Na3 a6 15. Nc2 a5
16. b3 Nh7 17. Na3 O-O 18. Nb5 Qd7 19. Nd2 a4 20. Ne4 axb3 21. axb3 Rxa1 22.
Rxa1 Na5 23. Qg4 Kh8 24. Ra3 Bc6 25. Nbd6 Bxd6 26. Nxd6 Bxg2 27. Kxg2 Qe7 28.
Ne4 f5 29. exf6 Nxf6 30. Nxf6 1/2-1/2

[Event "Montreal op"]
[Site "Montreal CAN"]
[Date "2016.09.10"]
[Round "2.18"]
[White "Fan, Run Kun"]
[Black "Soudre, Nicolas"]
[Result "0-1"]
[WhiteElo "1961"]
[BlackElo "2150"]
[PlyCount "108"]
[EventDate "2016.09.09"]
[EventType "swiss"]
[EventRounds "5"]
[EventCountry "CAN"]

1. Nf3 Nc6 2. e4 e5 3. Bb5 a6 4. Ba4 Nf6 5. O-O b5 6. Bb3 Bc5 7. c3 d6 8. d4
Bb6 9. dxe5 dxe5 10. Qxd8+ Nxd8 11. Bg5 Ne6 12. Bxf6 gxf6 13. Bd5 Rb8 14. Bc6+
Ke7 15. a4 Rg8 16. Nh4 Nf4 17. g3 bxa4 18. Na3 Nd3 19. Nc4 Bh3 20. Ng2 h5 21.
Bxa4 h4 22. Nxb6 Rxb6 23. b4 Nf4 24. Ne3 Ne2+ 25. Kh1 Bxf1 26. Rxf1 Nxc3 27.
Bd1 Rxb4 28. Be2 Rxe4 29. Bd3 Rxe3 30. fxe3 hxg3 31. Rc1 Nd5 32. Be4 Kd6 33.
Bxd5 Kxd5 34. Rxc7 Rh8 35. h3 Rxh3+ 36. Kg2 Rh2+ 37. Kxg3 Ra2 38. Rxf7 Ke6 39.
Rb7 Kf5 40. Rb6 a5 41. Kf3 Ra3 42. Rb8 e4+ 43. Kf2 a4 44. Rb5+ Kg4 45. Rb6 Ra2+
46. Ke1 f5 47. Rb5 a3 48. Ra5 Ra1+ 49. Kf2 Ra2+ 50. Ke1 Kf3 51. Rxf5+ Kxe3 52.
Kd1 Rh2 53. Kc1 a2 54. Ra5 Rh1+ 0-1